000 00969nas a2200301 4500
001 BR2016001295
003 BR-BrBNA
005 20231205130232.0
007 ta
008 230509b bl.|||p| |||| 00| 00por d
040 _aBR-BrBNA
_bpor
_cBiblioteca Nacional de Agricultura
041 _a(En)
072 _aL02; U10
100 1 _aGonçalves, C.A.
100 1 _aAlmeida, M.A. de
100 1 _aFara-Júnior, J.A.
100 1 _aPinto, M.F.
100 1 _aGarcia-Neto, M.
245 1 _aAccuracy of nonlinear formulation of broiler diets: maximizing profits
650 _aFRANGO
650 _aDIETA
650 _aPROGRAMA DE COMPUTADOR
650 _aMODELO MATEMÁTICO
773 0 _tRevista Brasileira de Ciência Avícola (Brazil)
_xISSN 1806-9061
_g(Apr-Jun 2015), v. 17(2) p. 173-180
_wBR2016001295
856 4 0 _uhttp://www.scielo.br/pdf/rbca/v17n2/1516-635X-rbca-17-02-00173.pdf
909 _a202311
_bLúcia
_c55
_dLúcia Elande
942 _2AGRIS
_n0
_cANA
999 _c248383
_d248383